Word Ladder: Objects in the Kitchen Quiz Stats

 Plays Quiz Updated Apr 26, 2013

Support Sporcle.
Go Orange.
Score 0/23 Timer 02:00
1 Play Today
Clue 4-Letter Word % Correct
◊ Drink you pour into a bowl of cereal ◊◊MILK◊
94.6%
◊ Where you rinse the dishes ◊◊SINK◊
93.6%
◊ Stale bread might have this ◊◊MOLD◊
92.2%
Not very spicyMILD
91.6%
The policeCOPS
91.3%
◊ Pig meat ◊◊PORK◊
90.5%
A mix of red and whitePINK
90.5%
◊ Objects that hold your drink ◊◊CUPS◊
90.3%
To bend paperFOLD
90.2%
Fine soft threadSILK
88.5%
◊ Pronged cutlery ◊◊FORK◊
87.2%
◊ Metal containers for cooking ◊◊PANS◊
86.5%
Clue 4-Letter Word % Correct
◊ Round metal containers for cooking ◊◊POTS◊
86%
Tiny explosionsPOPS
82.7%
Small pieces of metal for fastening thingsPINS
78%
Light strokes with the handPATS
77.8%
Traditional art or cultureFOLK
76.1%
A quick lookPEEK
69.9%
Employment benefitPERK
68.4%
To search forSEEK
67.5%
Perceived with your eyesSEEN
65.8%
◊ Often used for baking ◊◊OVEN◊
47.3%
Nordic first nameSVEN
44.7%

Today's Daily Dose

Word Ladder
ING Words

Get the Picture
Nearest Volcano

From the Vault

Game of Thrones Endings

by Thebiguglyalien

Remember that time the show ended and it was a dumpster fire?
Remove Ads.
Support Sporcle.
Get the best of Sporcle when you Go Orange. This ad-free experience offers more features, more stats, and more fun while also helping to support Sporcle. Thank you for becoming a member.

Show Comments

Extras

Top Quizzes Today


Score Distribution

Your Account Isn't Verified!

In order to create a playlist on Sporcle, you need to verify the email address you used during registration. Go to your Sporcle Settings to finish the process.

Report this User

Report this user for behavior that violates our Community Guidelines.

Details: